000 00549nam a2200229Ia 4500
003 OSt
005 20220918231401.0
006 a|||||r|||| 00| 0
007 ta
008 220917b |||||||| |||| 00| 0 eng d
024 _a278,941
037 _cTextual
040 _aARTS
_cARTS
_beng
041 _2eng
_aeng
082 _aVz7, 122L3
100 _aPiccard E
_962177
245 0 _aCoutumes et paysages rupsses
260 _c1973
650 _aHISTORY
942 _hVz7, 122L3
_cTEXL
_2CC
999 _c290839
_d290839